Registro industrial de la Nación, 1980: resultados provisionales al 30 de noviembre de 1980

Detalles Bibliográficos
Autor Corporativo: Argentina. Ministerio de Economia
Formato: Libro
Publicado: Buenos Aires : Dirección General de Información Industrial, 1980.
Materias:
Etiquetas: Agregar Etiqueta
Sin Etiquetas, Sea el primero en etiquetar este registro!

MARC

LEADER 00000nam a22000004a 4500
001 AR-BbUGT1686
003 AR-BbUGT
005 20181220001556.0
007 ta
008 061101t1980 |||ad |0|||0| d
040 |a AR-BbUGT  |b spa  |c AR-BbUGT 
082 0 4 |a 338.1 
110 1 |a Argentina.   |b Ministerio de Economia 
245 1 0 |a Registro industrial de la Nación, 1980: resultados provisionales al 30 de noviembre de 1980 
260 |a Buenos Aires :   |b Dirección General de Información Industrial,   |c 1980. 
300 |a 100 p. :   |b il., cuadros, tablas 
653 |a Industria Argentina 1980 
942 |c BK  |h 338.1  |i AR37  |2 ddc  |6 338_100000000000000_AR37 
999 |c 9439  |d 9439